00437nam a22001577a 450000500170000000800410001702000150005804100130007308200120008610000260009824500320012425000200015626000470017630000310022365000250025420231114073604.0231114b |||||||| |||| 00| 0 eng d a0409056278 aEnglish  a345 SNY aSnyman, CR lEnglish  aCriminal Law / cCR Snyman  aFourth Edition  aDurban : bLexisNexis Butterworths, c2002 bxii, 616 pages ; c25 cm.  aLegal practice bLaw